000 00870nam a2200277 i 4500
001 C2-0324097
003 PPAK
005 20180728122521.0
008 131126s my |||| ||||| | may d
020 _a9789671065426
040 _aPPAK
_beng
_cPPAK
_erda
082 0 4 _a297.53
_223
090 0 0 _a297.53
_bDYN
_dG
100 0 _aDyna Rochmyaningsih,
_eauthor
245 1 0 _aKeajaiban puasa Isnin dan Khamis
264 1 _aKuala Lumpur :
_bBook Mart Publications ,
_c[date of publication not identified]
300 _avi, 132 pages ;
_c20 cm
336 _2rdacontent
_atext
337 _2rdamedia
_aunmediated
338 _2rdacarrier
_avolume
500 _aMengandungi ayat-ayat dari Al-Quran.
650 1 0 _aFasting - Religious aspects - Islam. ; Islam - Customs and practices.
700 _eauthor
700 0 _aNorwahida Mohd Nor,
_eeditor
942 _ddc
_cB
999 _c124080
_d124080